Estatísticas para Seleção Brasileira Copa do Mundo 2022

Clique aqui para jogar o quiz

Estatísticas Gerais

  • Esse quiz foi jogado 609 vezes
  • A pontuação média é 22 de 27

Estatísticas das Respostas

#PosiçãoJogador% Correto
1GLAlisson
99%
10ATNeymar
99%
4DFMarquinhos
93%
23GLEderson Moraes
92%
3DFThiago Silva
92%
9ATRicharlison
91%
20ATVinícius Junior
91%
5MCCasemiro
90%
7MCLucas Paquetá
87%
12GLWeverton
87%
25ATPedro
84%
14DFÉder Militão
83%
21ATRodrygo
83%
2DFDanilo
82%
13DFDaniel Alves
81%
19ATGabriel Jesus
80%
18ATAntony
78%
11ATRaphinha
78%
6DFAlex Sandro
77%
Tite
77%
8MCFred
75%
24ATGabriel Martinelli
73%
16DFAlex Telles
71%
17MCBruno Guimarães
69%
26MCÉverton Ribeiro
68%
22DFBremer
60%
15MCFabinho
59%

Distribuição das Pontuações

Percentil de Números Respondidos

Porcentagem de Pessoas com Cada Pontuação

Sua Pontuação Histórica

Você não jogou esse quiz